000 00834nam a2200217Ia 4500
003 GCL
008 140319s9999 xx 000 0 ara d
040 _aGCL /
_cGCL
082 0 4 _a811.5
_bع د
100 1 _aالعسكرى : ابوهلال الحسن بن عبدالله بن سهل بن سعيد بن يحيى بن مروان
245 1 0 _aديوان العسكرى /
_cالعسكرى : ابوهلال الحسن بن عبدالله بن سهل بن سعيد بن يحيى بن مروان
260 _a[S.N] :
_bمجمع اللغة العربية ،
_c1979
300 _a256 ص
490 _a
650 0 4 _aالشعر العربى
650 0 4 _aالادب العربى
650 0 4 _aدواوين وقصائد
650 0 4 _aالدولة العباسية الثانية
650 0 4 _aالمجموعات
942 _2ddc
_cBK
999 _c31340
_d31340